Erba di casa mia (Lp Cgd 65411) (Record n. 99574)

Dettagli MARC
000 -LEADER
fixed length control field 02662njm a2200433Ia 4500
001 - CONTROL NUMBER
control field 21068
003 - CONTROL NUMBER IDENTIFIER
control field IT-RoPAU
005 - DATE AND TIME OF LATEST TRANSACTION
control field 20220918181118.0
008 - FIXED-LENGTH DATA ELEMENTS--GENERAL INFORMATION
fixed length control field 131025s9999 xx 000 0 und d
040 ## - CATALOGING SOURCE
Original cataloging agency IT-RoPAU
040 ## - CATALOGING SOURCE
Transcribing agency IT-RoPAU
041 ## - LANGUAGE CODE
Language code of text/sound track or separate title ITALIANO
999 ## - SYSTEM CONTROL NUMBERS (KOHA)
Koha Dewey Subclass [OBSOLETE] n.d.
100 ## - MAIN ENTRY--PERSONAL NAME
Personal name AA.VV.
9 (RLIN) 794
100 ## - MAIN ENTRY--PERSONAL NAME
Relator term Autore musica
9 (RLIN) 4710
100 ## - MAIN ENTRY--PERSONAL NAME
Miscellaneous information Codice autore musica SPICS: 12000
9 (RLIN) 796
245 ## - TITLE STATEMENT
Title Erba di casa mia (Lp Cgd 65411)
250 ## - EDITION STATEMENT
Edition statement 1a ed.
260 ## - PUBLICATION, DISTRIBUTION, ETC. (IMPRINT)
Place of publication, distribution, etc. MILANO
260 ## - PUBLICATION, DISTRIBUTION, ETC. (IMPRINT)
Name of publisher, distributor, etc. CGD - MESSAGGERIE MUSICALI
Date of publication, distribution, etc. 1972 [1a Ed.:1972 - Ed. Lingua Orig.: 1972]
300 ## - PHYSICAL DESCRIPTION
Extent DISCO
500 ## - GENERAL NOTE
General note Canzone italiana.
505 ## - FORMATTED CONTENTS NOTE
Formatted contents note Erba di casa mia - La tua innocenza - Ti ruberei - L'infinito - Io di più - Amore, cuore mio (dal film "Joe Valachi, i segreti di Cosa Nostra") - Vent'anni - Se bruciasse la città - Rose rosse - Io e te - Adagio veneziano - Aranjuez
650 ## - SUBJECT ADDED ENTRY--TOPICAL TERM
Topical term or geographic name as entry element CANZONE ITALIAN [DISCHI]
Relator term Codice MATERIA SPICS: 9950
9 (RLIN) 4711
700 ## - ADDED ENTRY--PERSONAL NAME
Personal name Ranieri Massimo
Miscellaneous information Codice interprete SPICS: 11108
Relator code Interprete
9 (RLIN) 4712
700 ## - ADDED ENTRY--PERSONAL NAME
Personal name Savio G.
Miscellaneous information Codice autore musica SPICS: 14082
Relator code Autore musica
Name of part/section of a work Erba di casa mia - Ti ruberei - L'infinito - Vent'anni - Se bruciasse la città
9 (RLIN) 4713
700 ## - ADDED ENTRY--PERSONAL NAME
Personal name Polito
Miscellaneous information Codice autore musica SPICS: 13987
Relator code Autore musica
Name of part/section of a work Erba di casa mia - Ti ruberei - L'infinito - Vent'anni - Se bruciasse la città - Rose rosse
9 (RLIN) 4714
700 ## - ADDED ENTRY--PERSONAL NAME
Personal name Bigazzi Giancarlo
Miscellaneous information Codice autore testo/musica SPICS: 13839
Relator code Autore testo/musica
Name of part/section of a work Erba di casa mia - Ti ruberei - L'infinito - Io di più - Vent'anni - Se bruciasse la città - Rose rosse - Adagio veneziano - Aranjuez
9 (RLIN) 4715
700 ## - ADDED ENTRY--PERSONAL NAME
Personal name Cavallaro
Miscellaneous information Codice autore musica SPICS: 13858
Relator code Autore musica
Name of part/section of a work La tua innocenza
9 (RLIN) 4716
700 ## - ADDED ENTRY--PERSONAL NAME
Personal name Limiti P.
Miscellaneous information Codice autore testo/musica SPICS: 13869
Relator code Autore testo/musica
Name of part/section of a work La tua innocenza
9 (RLIN) 4717
700 ## - ADDED ENTRY--PERSONAL NAME
Personal name Vibio
Miscellaneous information Codice autore musica SPICS: 24543
Relator code Autore musica
Name of part/section of a work Io di più
9 (RLIN) 4718
700 ## - ADDED ENTRY--PERSONAL NAME
Personal name Ortolani Riz
Miscellaneous information Codice autore musica SPICS: 11049
Relator code Autore musica
Name of part/section of a work Amore, cuore mio (dal film "Joe Valachi, i segreti di Cosa Nostra")
9 (RLIN) 4719
700 ## - ADDED ENTRY--PERSONAL NAME
Personal name Pallavicini Vito
Miscellaneous information Codice autore testo/musica SPICS: 13656
Relator code Autore testo/musica
Name of part/section of a work Amore, cuore mio (dal film "Joe Valachi, i segreti di Cosa Nostra")
9 (RLIN) 4720
700 ## - ADDED ENTRY--PERSONAL NAME
Personal name Pace Daniele
Miscellaneous information Codice autore musica SPICS: 13856
Relator code Autore musica
Name of part/section of a work Io e te
9 (RLIN) 4721
700 ## - ADDED ENTRY--PERSONAL NAME
Personal name Morricone Ennio
Miscellaneous information Codice autore testo/musica SPICS: 3535
Relator code Autore testo/musica
Name of part/section of a work Io e te
9 (RLIN) 4722
700 ## - ADDED ENTRY--PERSONAL NAME
Personal name Marcello Benedetto
Miscellaneous information Codice autore musica SPICS: 8256
Relator code Autore musica
Name of part/section of a work Adagio veneziano
9 (RLIN) 4723
700 ## - ADDED ENTRY--PERSONAL NAME
Personal name Rodrigo
Miscellaneous information Codice autore musica SPICS: 24544
Relator code Autore musica
Name of part/section of a work Aranjuez
9 (RLIN) 4724
942 ## - ADDED ENTRY ELEMENTS (KOHA)
Koha item type DISCHI
Source of classification or shelving scheme Dewey Decimal Classification
Dati di copia
Withdrawn status Lost status Damaged status Not for loan Home library Current library Date acquired Total Checkouts Full call number Date last seen Price effective from Koha item type Public note
    Buone Condizioni Not For Loan SPICS-MEDIATECA SPICS-MEDIATECA 25/10/2013   21068 25/10/2013 25/10/2013 DISCHI Progr. Ins.: 4370 / N.Vol.: 1 / Copie: 1 - Copia rara: n.d. / date import: 01.01.2014 - By Epidotti, Trombetti, Vaglietti
CREDITS: SOCIETA' SAN PAOLO Via A.Severo, 58 - ROMA (RM) & PERIODICI SAN PAOLO SRL Via Giotto, 36 MILANO & CISF Via Giotto, 36 MILANO & EDIZIONI SAN PAOLO SRL,  Piazza Soncino, 5 CINISELLO BALSAMO (MI) -- ITALY